| 000 -LEADER |
| fixed length control field |
01213nam a22001577a 4500 |
| 008 - FIXED-LENGTH DATA ELEMENTS--GENERAL INFORMATION |
| fixed length control field |
201014b ||||| |||| 00| 0 eng d |
| 100 ## - MAIN ENTRY--PERSONAL NAME |
| Personal name |
Millner, Antony |
| 245 ## - TITLE STATEMENT |
| Title |
Non-dogmatic social discounting |
| 260 ## - PUBLICATION, DISTRIBUTION, ETC. (IMPRINT) |
| Place of publication, distribution, etc |
The American Economic Review |
| 300 ## - PHYSICAL DESCRIPTION |
| Extent |
110(3), Mar, 2020: p.760-775 |
| 520 ## - SUMMARY, ETC. |
| Summary, etc |
The long-run social discount rate has an enormous effect on the value of climate mitigation, infrastructure projects, and other long-term public policies. Its value is however highly contested, in part because of normative disagreements about social time preferences. I develop a theory of "nondogmatic" social planners, who are insecure in their current normative judgments and entertain the possibility that they may change. Although each nondogmatic planner advocates an idiosyncratic theory of intertemporal social welfare, all such planners agree on the long-run social discount rate. Nondogmatism thus goes some way toward resolving normative disagreements, especially for long-term public projects. – Reproduced |
| 650 ## - SUBJECT ADDED ENTRY--TOPICAL TERM |
| Topical term or geographic name as entry element |
Allocative efficiency, Cost-benefit analysis, Social discount rate |
| 9 (RLIN) |
18609 |
| 773 ## - HOST ITEM ENTRY |
| Main entry heading |
The American Economic Review |
| 906 ## - LOCAL DATA ELEMENT F, LDF (RLIN) |
| Subject DIP |
PROJECT EVALUATION |
| 942 ## - ADDED ENTRY ELEMENTS (KOHA) |
| Item type |
Articles |